000 00265nam a2200109Ia 4500
008 190216s9999||||xx |||||||||||||| ||und||
100 _aMichael Batty
245 0 _aMicro Computer Graphics
260 _b"Chapman And Hall, London"
_c1987
300 _a333p
942 _cBK
999 _c8353
_d8353